000
00290nam a22001337a 4500
008
181017b xxu||||| |||| 00| 0 eng d
020
_a
026242163
041
_a
eng
080
_a
316
100
_a
50
101
_a
SOC
245
_a
Symestry Casuality Mind
_c
Leyton.M
942
_2
udc
_c
BK
999
_c
49997
_d
49997